000 00390nam a2200169Ia 4500
001 3243
003 IN-NITTTR
005 20251114232945.0
008 251113s9999||||xx |||||||||||||| ||eng||
040 _beng
040 _cIN-NITTTR
041 _aeng
082 _a625.7502 C763G
100 _aConover, H. S.
245 0 _aGrounds maintenance handbook /
_cConover, H. S.
942 _2ddc
_cBK
999 _c5482
_d5482